Analýza teplotných polí pri vysokofrekvenčnom elektrickom ohreve = Analysis of temperature fields by the high-frequency electric heating : Diplomová práca
Saved in:
| Main Author: | |
|---|---|
| Other Authors: | |
| Format: | Manuscript Book |
| Language: | Slovak |
| Published: |
Trnava :
STU v Bratislave MTF UMAT,
2009
|
| Subjects: | |
| Tags: |
No Tags, Be the first to tag this record!
|
MARC
| LEADER | 00000ntm a22000003a 4500 | ||
|---|---|---|---|
| 001 | stu180079 | ||
| 005 | 20160719160121.3 | ||
| 008 | 090213s2009----xo------------------slo-d | ||
| 040 | |a STU |b slo | ||
| 041 | 0 | |a slo | |
| 044 | |a xo | ||
| 100 | 1 | |a Červená, Martina |4 aut | |
| 245 | 1 | |a Analýza teplotných polí pri vysokofrekvenčnom elektrickom ohreve = Analysis of temperature fields by the high-frequency electric heating : |b Diplomová práca | |
| 260 | |a Trnava : |b STU v Bratislave MTF UMAT, |c 2009 | ||
| 300 | |a 67 s |c 1 CD-ROM | ||
| 500 | |a Študijný program: technické materiály | ||
| 500 | |a Študijný odbor: 5.2.26 materiály | ||
| 650 | 7 | |a elektrický ohrev |2 stusub | |
| 650 | 7 | |a teplotné polia |2 stusub | |
| 650 | 7 | |a numerická simulácia |2 stusub | |
| 700 | 1 | |a Behúlová, Mária, |d 1963- |4 xxx |u M2000 |U MTF Materiálovotechnologická fakulta |T MTF Ústav výrobných systémov a aplikovanej mechaniky |X 200 |U M2000 |Y 82 |7 A000000200 | |
| 996 | |b 284M069663 |c M*DP-7560 |l MMSKP |s P |a 0 |w stu180079_0001 | ||